[Event "ALG-ch U20"]
[Site "Tiaret"]
[Date "2019.06.28"]
[Round "7"]
[White "Atmani, Amine"]
[Black "Yettouche, Yaristan"]
[Result "1-0"]
[WhiteElo "1756"]
[BlackElo "1584"]
[PlyCount "99"]
[EventDate "2019.06.26"]
[EventType "swiss"]
[EventRounds "9"]
[EventCountry "ALG"]
[SourceTitle "EXT 2020"]
[Source "ChessBase"]
[SourceDate "2019.10.17"]
[SourceVersion "1"]
[SourceVersionDate "2019.10.17"]
[SourceQuality "1"]

1. d4 Nf6 2. c4 e6 3. Nf3 b6 4. e3 Bb7 5. a3 a5 6. Nc3 Be7 7. Bd3 d6 8. b3 Nbd7 9. Bb2 0-0 10. 0-0 Re8 11. e4 Bf8 12. Re1 e5 13. d5 g6 14. Bc1 Bg7 15. Bd2 h6 16. b4 g5 17. Nb5 axb4 18. axb4 Ba6 19. Qc2 Bxb5 20. cxb5 Rxa1 21. Rxa1 Qb8 22. g3 Rd8 23. h4 g4 24. Nh2 Nf8 25. Nf1 Ng6 26. Ne3 Ne7 27. h5 Qb7 28. Be2 Ra8 29. Rxa8+ Qxa8 30. Nxg4 Nxg4 31. Bxg4 Qd8 32. Bh3 Kh7 33. g4 Qd7 34. Qd3 Qe8 35. Qc4 Qd7 36. Kh2 Qd8 37. g5 hxg5 38. Bxg5 f6 39. Bd2 Qb8 40. Qc1 Qd8 41. Bg4 Ng8 42. Bf5+ Kh8 43. Bg6 Ne7 44. Kg2 Nxg6 45. hxg6 Qe8 46. Qh1+ Kg8 47. Qh7+ Kf8 48. Bh6 Bxh6 49. Qxh6+ Kg8 50. Qh7+ 1-0

[Event "ALG-ch U20"]
[Site "Tiaret"]
[Date "2019.06.27"]
[Round "4"]
[White "Kacem, Abdelkader"]
[Black "Atmani, Amine"]
[Result "1-0"]
[WhiteElo "1482"]
[BlackElo "1756"]
[PlyCount "71"]
[EventDate "2019.06.26"]
[EventType "swiss"]
[EventRounds "9"]
[EventCountry "ALG"]
[SourceTitle "EXT 2020"]
[Source "ChessBase"]
[SourceDate "2019.10.17"]
[SourceVersion "1"]
[SourceVersionDate "2019.10.17"]
[SourceQuality "1"]

1. e4 e6 2. d4 d5 3. exd5 exd5 4. Nc3 c6 5. Bd3 Bd6 6. h3 Ne7 7. Bg5 0-0 8. Qf3 Qb6 9. 0-0-0 Ng6 10. Nge2 Qc7 11. h4 Ne7 12. h5 h6 13. Be3 Qd7 14. Bf4 Na6 15. a3 b5 16. Rdg1 b4 17. axb4 Nxb4 18. g4 Nxd3+ 19. Qxd3 Bxf4+ 20. Nxf4 Qd6 21. Nce2 Rb8 22. g5 Bf5 23. Qc3 Rfc8 24. gxh6 Qxh6 25. Rg3 g5 26. Rhg1 f6 27. Qc5 Rb7 28. Qd6 Kf7 29. Rxg5 Qxg5 30. Rxg5 fxg5 31. Nd3 Bxd3 32. cxd3 Rcb8 33. h6 Rxb2 34. Qe5 Rb1+ 35. Kd2 Rh1 36. Qxb8 1-0

[Event "Prague Summer op-B 3rd"]
[Site "Prague"]
[Date "2016.08.11"]
[Round "8"]
[White "Atmani, Amine"]
[Black "Pavlicek, Petr"]
[Result "0-1"]
[WhiteElo "1809"]
[BlackElo "1916"]
[PlyCount "90"]
[EventDate "2016.08.05"]
[EventType "swiss"]
[EventRounds "9"]
[EventCountry "CZE"]
[SourceTitle "CBM 173 Extra"]
[Source "ChessBase"]
[SourceDate "2016.08.29"]
[SourceVersion "1"]
[SourceVersionDate "2016.08.29"]
[SourceQuality "1"]

1. d4 Nf6 2. c4 e6 3. Nf3 d5 4. Nc3 Be7 5. e3 0-0 6. Bd3 b6 7. 0-0 Bb7 8. b3 Nbd7 9. Qc2 h6 10. Ne5 Nxe5 11. dxe5 Ng4 12. f4 d4 13. Rd1 Bc5 14. Na4 Qh4 15. g3 Qh5 16. Nxc5 bxc5 17. Re1 Nxe3 18. Bxe3 Qf3 19. Rf1 Qh1+ 20. Kf2 Qxh2+ 21. Ke1 Qxc2 22. Bxc2 dxe3 23. Rd1 Bg2 24. Rg1 Bf3 25. Rd3 Be4 26. Rc3 Bxc2 27. Rxc2 Rfd8 28. Ke2 Rd4 29. Kxe3 Rad8 30. Rgg2 g5 31. fxg5 hxg5 32. Rcd2 Kg7 33. Rxd4 Rxd4 34. Rd2 Rxd2 35. Kxd2 f5 36. exf6+ Kxf6 37. g4 Ke5 38. Ke3 a6 39. Kd3 Kf4 40. b4 cxb4 41. Kd4 e5+ 42. Kd5 e4 43. Kc6 e3 44. Kxc7 e2 45. c5 e1Q 0-1

[Event "Brno op 6th"]
[Site "Brno"]
[Date "2015.11.18"]
[Round "6"]
[White "Atmani, Amine"]
[Black "Siegemund, Joachim"]
[Result "0-1"]
[WhiteElo "1575"]
[BlackElo "2134"]
[PlyCount "46"]
[EventDate "2015.11.14"]
[EventType "swiss"]
[EventRounds "9"]
[EventCountry "CZE"]
[SourceTitle "CBM 169 Extra"]
[Source "ChessBase"]
[SourceDate "2015.12.18"]
[SourceVersion "1"]
[SourceVersionDate "2015.12.18"]
[SourceQuality "1"]

1. d4 e6 2. c4 Nf6 3. Nf3 b6 4. e3 Bb7 5. Bd3 Be7 6. Nc3 c5 7. 0-0 0-0 8. b3 cxd4 9. exd4 d5 10. Bf4 Nc6 11. cxd5 Nxd5 12. Nxd5 Qxd5 13. Bc4 Qf5 14. Qd2 Rfd8 15. Qe3 Nb4 16. Rad1 Nd5 17. Bxd5 Rxd5 18. Ne5 Rad8 19. g4 Qf6 20. f3 Rxd4 21. Rxd4 Rxd4 22. Bg3 Bc5 23. b4 Rxb4 0-1